00785nam a22001697a 4500008004100000020001500041050003400056245022200090260003300312300002600345440003800371700002100409800002100430942001200451999001600463952013600479140902b xxu||||| |||| 00| 0 eng d a0406090394 aKD275.3.L39(1965-69 vol. 1-2) aThe Law Reports (1965-69 vol. 1-2) Privy Council: Privy Council Appeals, Cases heard and determined by the Judicial Committee and the Lords of Her Majesty's most Honorable Privy Council. /cReported by Edmund F. Moore aLondon:bButterworth,c1965. ax, 552 pagingsc24cm. pAppeal cases, 1865-1869vVol. 1&2 aMoore, Edmund F. aMoore, F. Edmund 2lcccBK c3978d11478 00102lcc4070aWIUC-1bWIUC-1cLLd2014-09-02l0oKD275.3.L39 (1965-69 vol.1-2)p1591/578/14r2014-09-02 00:00:00w2014-09-02yBK